| 000 | 00625nam a2200205Ia 4500 | ||
|---|---|---|---|
| 003 | 0100 | ||
| 008 | 130303s9999 xx 000 0 und d | ||
| 040 | _cARRUPELIB | ||
| 050 | _aHC800.D657 1996 | ||
| 100 | _aHavnevik, Kjell ; Arkadie, Brian Van eds. | ||
| 245 | _aDomination or Dialogue? | ||
| 245 | _bexperiences and prospects for African Development Cooperation | ||
| 260 | _aMotala, Sweden | ||
| 260 | _bNordiska Afrikainstitutet | ||
| 260 | _C1996 | ||
| 300 | _a130p. | ||
| 300 | _b 28cm. | ||
| 650 | _bApartheid in Literature Race Relations in Literature South Africa-Politics and Government | ||
| 942 | 0 | 0 | _01 |
| 999 |
_c18018 _d18018 |
||